000 00879nam a22002177a 4500
003 OSt
005 20250319101259.0
008 250319b |||||||| |||| 00| 0 eng d
040 _aLB-BrCRDP
041 _aARA.
082 _aCRDP 370.956 92 M345 / 1973-1974
100 _aالمركز التربوي للبحوث والإنماء: دائرة الاحصاء
110 _aوزارة التربية الوطنية والفنون الجميلة. لبنان
245 _aالاحصاء التربوي لعام 1973-1974
260 _aبيروت
_bالمركز التربوي للبحوث والانماء
_c1974
300 _bص. 330
_cسم. 30
500 _aيحتوي على جداول ورسوم
650 _aالتربية والتعليم - الاحصاءات التربوية - لبنان
650 _aلبنان - الاحصاء التربوي
942 _2ddc
_cBK
999 _c24180
_d24180